00371nam a2200145Ia 4500008004100000020001500041041001200056100001600068245005900084250000800143260003500151300000800186650001500194700001600209221030s9999 xx 000 0 und d a9332581180 aEnglish aR. I. Levin 0aStatistics For Managementcby R. I. Levin, D. S. Rubin a8th bPearson EducationaNoidac2019 a985 aManagement aD. S. Rubin